Hùng Vương dựng nước Kỷ yếu của Hội nghị nghiên cứu thời kì Hùng Vương lần thứ 4 tháng 4 năm1971

Сохранить в:
Библиографические подробности
Главный автор: ủy Ban Khoa học Xã hội Việt Nam
Формат:
Язык:Undetermined
Опубликовано: Hà Nội KHXH 1974
Предметы:
Метки: Добавить метку
Нет меток, Требуется 1-ая метка записи!
Thư viện lưu trữ: Trung tâm Học liệu Trường Đại học Cần Thơ
LEADER 00663nam a2200181Ia 4500
001 CTU_10916
008 210402s9999 xx 000 0 und d
082 |a 959.7001 
082 |b U523/T4 
100 |a ủy Ban Khoa học Xã hội Việt Nam 
245 0 |a Hùng Vương dựng nước 
245 0 |b Kỷ yếu của Hội nghị nghiên cứu thời kì Hùng Vương lần thứ 4 tháng 4 năm1971 
245 0 |c ủy Ban Khoa học Xã hội Việt Nam 
260 |a Hà Nội 
260 |b KHXH 
260 |c 1974 
650 |a archaeology,vietnam - history 
980 |a Trung tâm Học liệu Trường Đại học Cần Thơ